02543cam a22004575a 4500999001700000001000900017005001700026008004100043010001700084020002500101020002200126035002400148040007600172042001400248082002400262245009800286246007400384250001200458260004500470300004100515500009800556500004600654505009400700520052500794650004001319650002401359650003801383651001001421653002401431655001701455700004501472700003201517700002901549710003201578710003101610856004601641942000801687952013001695952013001825952013001955 c26895d268671784509220181028143204.0130808s2012 cauab 000 0 eng d a 2012532441 a9781449330064 (pbk.) a1449330061 (pbk.) a(OCoLC)ocn781679351 aBTCTAbengcBTCTAdLNDdYDXCPdOCLCOdMUUdBWXdIADdKMSdDLCdEG-ScBUE alccopycat04a070.430285bDAT22304aThe data journalism handbook /cedited by Jonathan Gray, Liliana Bounegru, and Lucy Chambers.1 iSubtitle on cover :aHow journalists can use data to improve the news a1st ed. aSebastopol, CA :bO'Reilly Media,c2012. axvii, 220 p. :bill., maps ;c24 cm. a"A project of the European Journalism Centre and the Open Knowledge Foundation."--T.p. verso. a"Strata: making data work"--Cover p. [4].0 aIn the newsroom -- Case studies -- Getting data -- Understanding data -- Delivering data. aWith The Data Journalism Handbook, you'll explore the potential, limits, and applied use of this new and fascinating field. This handbook has attracted scores of contributors since the European Journalism Centre and the Open Knowledge Foundation launched the project at MozFest 2011. Through a collection of tips and techniques form leading journalists, professors, software developers, and data analysts, you'll learn how data can be wither the source of data journalism or a tool with which the story is told--or both. 7aJournalismxData processing.2BUEsh 7aData mining.2BUEsh 7aInformation visualization.2BUEsh 2BUEsh bCOMAMEcOctober2018 vReading book1 aGray, Jonathanq(Jonathan Alan)eeditor.1 aBounegru, Liliana,eeditor.1 aChambers, Lucy,eeditor.2 aEuropean Journalism Centre.2 aOpen Knowledge Foundation.41uhttp://datajournalismhandbook.org/1.0/en/ 2ddc 00102ddc40708BaccahaMAINbMAINcLOWd2018-10-28ePurchaseg450.00l0o070.430285 DATp000043657r2025-07-15 00:00:00yNB 00102ddc40708BaccahaMAINbMAINcLOWd2018-10-28ePurchaseg450.00l0o070.430285 DATp000043658r2025-07-15 00:00:00yBB 00102ddc40708BaccahaMAINbMAINcLOWd2018-10-28ePurchaseg450.00l0o070.430285 DATp000043659r2025-07-15 00:00:00yBB